000 00720nam a2200205Ia 4500
999 _c41629
_d41629
001 8298
003 GE_BSU
005 20240429120357.0
008 181216s2008||||ru |||||||||||||| ||rus||
020 _a978547800833
040 _cGE_BSU
080 _a327.5(100)(075.8) Б-26
100 _aБарышников, Дмитрий
_921976
245 _aКонфликты и мировая политика :
_bУчебн. пособие /
_cДмитрий Барышников ; Отв. ред. В. С. Ягья.
264 _aМосква :
_bВосток-Запад,
_c2008.
300 _a383 стр. ;
_c21 см.
541 _h33л.
653 _aКонфликты и мировая политика
942 _cBK
_2udc